| 000 | 00935nam a22002537a 4500 | ||
|---|---|---|---|
| 005 | 20170124103007.0 | ||
| 010 | _aA-802160 | ||
| 020 | _c65.00 | ||
| 035 | _aA-802160 | ||
| 037 | _bCen Lib/Ret | ||
| 040 |
_aDPL _bHN |
||
| 082 |
_aउ _bसोंधीओ |
||
| 100 |
_aसोंधी, ओम प्रकाश _943705 |
||
| 245 |
_aअजीब आदमी / _cओम प्रकाश सोंधी |
||
| 246 |
_aAzeeb admi / _bby Om Prakash Sondhi |
||
| 260 |
_aदिल्ली _bस्वास्तिक प्रकाशन _c1996 |
||
| 270 |
_bदिल्ली _a1376, कश्मीरी गेट _e110006 |
||
| 300 |
_a117पृ. _c17सेमी (सजिल्द) |
||
| 650 |
_aहिन्दी साहित्य _956653 |
||
| 650 |
_aउपन्यास _956654 |
||
| 650 |
_aHindi literature _956655 |
||
| 650 |
_aFiction _98901 |
||
| 942 |
_2ddc _cHN _hउ _mसोंधीओ |
||
| 999 |
_c114397 _d114397 |
||